000 00475nam a22001577a 4500
999 _c524883
_d524883
003 NUST
038 _aMr. Zahoor
082 _a005
100 _aSundas Iqbal
_915680
245 _aUsability Requirements for Deaf and Mute for Sign Language Translation System /
_cSundas Iqbal
260 _aIslamabad :
_bMCS - NUST,
_c2014.
300 _axi, 62 p. : ill. ;
_c30 cm.
500 _aHardcover.
600 _aComputer Software Engineering - MS Thesis
_915681
942 _2ddc
_cTHE